000 00721cam a22002533a 4500
001 27326
003 PGUSA
005 20140828083606.0
008 081125s2008||||xxu|||||s|||||000 | eng d
040 _aPGUSA
_beng
042 _adc
050 4 _aPL
050 4 _aPC
100 1 _aGisbert, Mateo
245 1 0 _aDiccionario Bagobo-EspaƱol
_h[electronic resource] /
_cMateo Gisbert
260 _bProject Gutenberg,
_c2008
506 _aPublic domain in the USA.
516 _aElectronic text
653 _aSpanish language -- Dictionaries -- Bagobo
653 _aBagobo language -- Dictionaries -- Spanish
830 0 _aProject Gutenberg
_v27326
856 4 0 _uhttp://www.gutenberg.org/ebooks/27326
942 _cEB
999 _c256581
_d256581